Đảng Dân chủ và đảng Cộng hòa trong bầu cử Tổng thống ở Mỹ
Vài nét về nước Mỹ và chê độ chính trị nước Mỹ. Đảng Dân chủ và đảng Cộng hòa tranh cử Tổng thống ở Mỹ
Đã lưu trong:
| Hovedforfatter: | |
|---|---|
| Andre forfattere: | |
| Format: | Bog |
| Sprog: | Vietnamese |
| Udgivet: |
Đà Nẵng
Đại học Sư phạm, Đại học Đà Nẵng
2013
|
| Fag: | |
| Tags: |
Tilføj Tag
Ingen Tags, Vær først til at tagge denne postø!
|
| Thư viện lưu trữ: | Mạng thư viện Đại học Đà Nẵng |
|---|
| LEADER | 01809nam a2200409 4500 | ||
|---|---|---|---|
| 001 | 000019083 | ||
| 003 | 15518 | ||
| 005 | 20140320090316.0 | ||
| 008 | 140305s2013 viesd | ||
| 041 | |a vie | ||
| 072 | |a LS | ||
| 082 | 1 | 4 | |a 324.273 |b HO-H |
| 100 | 1 | |a Hoàng Thị Hoài | |
| 245 | 1 | 0 | |a Đảng Dân chủ và đảng Cộng hòa trong bầu cử Tổng thống ở Mỹ |c Hoàng Thị Hoài ; Lưu Trang hướng dẫn |k Khóa luận tốt nghiệp |
| 260 | |a Đà Nẵng |b Đại học Sư phạm, Đại học Đà Nẵng |c 2013 | ||
| 300 | |a 55 tr. |b Hình mh. |c 29 cm. | ||
| 500 | |a Khóa luận tốt nghiệp đại học. Chuyên ngành: Sư phạm Lịch sử | ||
| 520 | |a Vài nét về nước Mỹ và chê độ chính trị nước Mỹ. Đảng Dân chủ và đảng Cộng hòa tranh cử Tổng thống ở Mỹ | ||
| 650 | 0 | 4 | |a Đảng Dân chủ |v Khóa luận tốt nghiệp |x Bầu cử Tổng thống |z Hoa Kỳ |
| 650 | 0 | 4 | |a Đảng Cộng hòa |v Khóa luận tốt nghiệp |x Bầu cử Tổng thống |z Hoa Kỳ |
| 653 | |a Thể chế chính trị | ||
| 653 | |a Bầu cử Tổng thống | ||
| 653 | |a Đảng Dân chủ Mỹ | ||
| 653 | |a Khoa Lịch sử | ||
| 653 | |a Đảng cộng hòa Mỹ | ||
| 653 | |a Đảng Cộng hòa Mỹ | ||
| 700 | 1 | |a Lưu Trang |c PGS.TS |e Hướng dẫn | |
| OWN | |a LSP | ||
| AVA | |a UDN50 |b LSP |d 324.273 HO-H |e available |t Error 5001 Not defined in file expand_doc_bib_avail. |f 1 |g 0 |h N |i 0 |k 1 | ||
| 999 | |a From the UDN01 | ||
| AVA | |a UDN50 |b LSP |d 324.273 HO-H |e available |t Error 5001 Not defined in file expand_doc_bib_avail. |f 1 |g 0 |h N |i 0 |k 1 | ||
| TYP | |a Monograph | ||
| TYP | |a Printed language | ||
| 980 | |a Mạng thư viện Đại học Đà Nẵng | ||